Marcus André : (Record no. 529)
[ view plain ]
| 000 -LEADER | |
|---|---|
| campo de control de longitud fija | 01537cam a2200361 a 4500 |
| 001 - NÚMERO DE CONTROL | |
| campo de control | 12579991 |
| 005 - FECHA Y HORA DE LA ÚLTIMA TRANSACCIÓN | |
| campo de control | 20220326193318.0 |
| 008 - DATOS DE LONGITUD FIJA--INFORMACIÓN GENERAL | |
| campo de control de longitud fija | 011025s2000 bl a bc 000 0 por |
| 010 ## - NÚMERO DE CONTROL DE LA BIBLIOTECA DEL CONGRESO | |
| Número de control de LC | 2001298029 |
| 020 ## - NÚMERO INTERNACIONAL ESTÁNDAR DEL LIBRO | |
| Número Internacional Estándar del Libro | 8587220136 |
| 035 ## - NÚMERO DE CONTROL DEL SISTEMA | |
| Número de control de sistema | (DLC) 200129802 |
| 040 ## - FUENTE DE CATALOGACIÓN | |
| Centro catalogador/agencia de origen | DLC |
| Centro/agencia transcriptor | DLC |
| 041 0# - CÓDIGO DE IDIOMA | |
| Código de lengua del texto/banda sonora o título independiente | poreng |
| 042 ## - CÓDIGO DE AUTENTICACIÓN | |
| Código de autenticación | lcode |
| 043 ## - CÓDIGO DE ÁREA GEOGRÁFICA | |
| Código de área geográfica | s-bl--- |
| 082 ## - NÚMERO DE LA CLASIFICACIÓN DECIMAL DEWEY | |
| Número de clasificación | 750 |
| Número de ítem | A555m |
| 100 1# - ENTRADA PRINCIPAL--NOMBRE DE PERSONA | |
| Nombre de persona | André, Marcus, |
| Fechas asociadas al nombre | 1961- |
| 9 (RLIN) | 2437 |
| 245 10 - MENCIÓN DEL TÍTULO | |
| Título | Marcus André : |
| Resto del título | pinturas / |
| Mención de responsabilidad, etc. | [textos, Paulo Sergio Duarte, Sônia Salzstein ; entrevista, Daniela Name ; pesquisa, Adriana Tabalipa]. |
| 246 1# - FORMA VARIANTE DEL TITULO | |
| Texto de visualización | Subtitle on t.p. verso: |
| Título propio/Titulo breve | Paintings. |
| 260 ## - PUBLICACIÓN, DISTRIBUCIÓN, ETC. | |
| Lugar de publicación, distribución, etc. | Rio de Janeiro, RJ, Brasil : |
| Nombre del editor, distribuidor, etc. | Canal Contemporâneo : |
| -- | Editora Casa da Palavra, |
| Fecha de publicación, distribución, etc. | c2000. |
| 300 ## - DESCRIPCIÓN FÍSICA | |
| Extensión | 156 p. : |
| Otras características físicas | ill. (chiefly col.) ; |
| Dimensiones | 24 x 30 cm. |
| 504 ## - NOTA DE BIBLIOGRAFÍA, ETC. | |
| Nota de bibliografía, etc. | Includes bibliographical references (p. [155]-156). |
| 505 ## - NOTA DE CONTENIDO CON FORMATO | |
| Título | Canal contemporaneo/ apresentacao/ foreword |
| -- | Entrevista com Marcus André |
| Mención de responsabilidad | Daniela Name |
| Título | Fogo sem matéria |
| Mención de responsabilidad | Sonia Salztein |
| Título | Essas telas só se entregam por inteiro |
| Mención de responsabilidad | Paulo Sergio Duarte |
| Título | Reproducoes / plates |
| -- | Cronologia/cronology |
| -- | Bibliografia/ bibliography |
| 546 ## - NOTA DE IDIOMA | |
| Nota de lengua/lenguaje | Portuguese and English. |
| 600 10 - PUNTO DE ACCESO ADICIONAL DE MATERIA--NOMBRE DE PERSONA | |
| Nombre de persona | André, Marcus, |
| Fechas asociadas al nombre | 1961- |
| Subdivisión de forma | Catalogs. |
| 9 (RLIN) | 2438 |
| 650 #0 - PUNTO DE ACCESO ADICIONAL DE MATERIA--TÉRMINO DE MATERIA | |
| Término de materia o nombre geográfico como elemento de entrada | Painting, Abstract |
| Subdivisión geográfica | Brazil |
| Subdivisión de forma | Catalogs. |
| 9 (RLIN) | 2439 |
| 700 1# - ENTRADA AGREGADA--NOMBRE PERSONAL | |
| Nombre de persona | Duarte, Paulo Sérgio. |
| 9 (RLIN) | 2440 |
| 700 1# - ENTRADA AGREGADA--NOMBRE PERSONAL | |
| Nombre de persona | Salzstein, Sônia. |
| 9 (RLIN) | 2441 |
| 700 1# - ENTRADA AGREGADA--NOMBRE PERSONAL | |
| Nombre de persona | Name, Daniela. |
| 9 (RLIN) | 2442 |
| 700 1# - ENTRADA AGREGADA--NOMBRE PERSONAL | |
| Nombre de persona | Tabalipa, Adriana. |
| 9 (RLIN) | 2443 |
| 906 ## - ELEMENTOS DE DATOS F LOCAL, LDF (RLIN) | |
| a | 7 |
| b | cbc |
| c | origode |
| d | 2 |
| e | ncip |
| f | 20 |
| g | y-gencatlg |
| Estatus retirado | Estado de pérdida | Fuente del sistema de clasificación o colocación | Estado de daño | No para préstamo | Biblioteca de origen | Biblioteca actual | Ubicación en estantería | Fecha de adquisición | Total de préstamos | Signatura topográfica completa | Código de barras | Visto por última vez | Precio de reemplazo | Tipo de ítem Koha |
|---|---|---|---|---|---|---|---|---|---|---|---|---|---|---|
| Clasificación Decimal Dewey | Biblioteca LadoV | Biblioteca LadoV | 22/04/2015 | 750 A555m | 000570 | 22/04/2015 | 22/04/2015 | Material 01 |
